ECTS, kreditné systémy a metódy hodnotenia študentov TEMPUS JEP 12 263 - 97

Gespeichert in:
Bibliographische Detailangaben
Format: Buch
Sprache:Slowakisch
Englisch
Veröffentlicht: Bratislava Vydavateľstvo EKONÓM 1998
Schlagworte:
Tags: Tag hinzufügen
Keine Tags, Fügen Sie das erste Tag hinzu!

MARC

LEADER 00000nam$a2200000$$$4500
001 0034407
005 20221221131815.9
020 |a 80-225-1139-0 
041 0 |a slo 
041 0 |a eng 
044 |a SK 
245 1 0 |a ECTS, kreditné systémy a metódy hodnotenia študentov  |b TEMPUS JEP 12 263 - 97 
264 1 |a Bratislava  |b Vydavateľstvo EKONÓM  |c 1998 
300 |a 143 s. 
610 2 0 |a školy vysoké 
610 2 0 |a univerzity 
610 2 0 |a projekty medzinárodné 
610 2 0 |a štúdium kreditné 
610 2 0 |a riadenie kvality 
610 2 0 |a vzdelanie vysokoškolské 
610 2 0 |a spolupráca medzinárodná 
610 2 0 |a porovnanie medzinárodné 
610 2 0 |a študenti zahraniční 
610 2 0 |a vzdelávanie ďalšie 
610 2 0 |a vzdelanie ekonomické 
610 2 0 |a Veľká Británia 
610 2 0 |a Holandsko 
610 2 0 |a Slovensko 
610 2 0 |a ECTS